000 00368 a2200157 4500
001 48868
020 _a0582512425
040 _cAnchieta - Bela Vista
100 _aWong, Arlene
240 1 0 _aTown mouse and country mouse
_lIng
245 1 0 _aTown mouse and country mouse
300 _a15
362 0 _a2002
650 4 _aLiteratura infantil em inglês
942 _cBK
999 _c48868
_d48868